1762 1459 1965 1827 1371 1217 1977 1920 1239 1230 1157 1718 1716 1139 1902 1170 1271 1390 1809 1908 1786 1437 1333 1697 1741 1918 1084 1705 1395 1317 1570 1961 1116 1077 1567 1104 1109 1114 1899 1014 1739 1538 1568 1624 1086 1259 1428 1497 1571 1470 1559 1490 1116 1110 1415 1655 1058 1978 1434 1589 1543 1177 1068 1516 1249 1777 1560 1477 1871 1692 1714 1440 1539 1397 1019 1495 1835 1533 1347 1542 1034 1406 1586 1271 1471 1744 1310 1956 1602 1823 1339 1184 1990 1076 1765 1935 1939 1393 1222 BCNSPRNW ULIB Ver.6.0+V

เปลี่ยนเป็นภาษาไทย

Change to English
 แสดงรายละเอียดบรรณานุกรม
  กลับหน้าหลัก

Brief Record : Get Marc (ISO 2709) : E-mail record : QR code < ปิดหน้าต่าง
LEADER : 00000nam 2200000uu 4500
001    13399113612
003     ULIB
008    111128s2552||||th 000 0 tha d
020    ^a9789745181519
090    ^aนว.^bส174ร 2552
100 0  ^aสเตฟนี เมเยอร์
245 00 ^aTwilight แรกรัตติกาล/^cสเตฟนี เมเยอร์
250    ^aพิมพ์ครั้งที่ 15
260    ^aกรุงเทพฯ :^bปราชญ์เปรียว,^c2552
300    ^a452 หน้า
710 1  ^aปราชญ์เปรียว
945    ^p365^l0^i16310
995    ^aทศพร
999    ^aใช้งานได้ทุกระบบ
รายการนี้ยังไม่มีแท็ก
คุณยังไม่ได้ล็อกอิน คุณสามารถมีกิจกรรมร่วมกับเว็บไซต์ได้ แต่ต้องล็อกอินก่อน ::
  ล็อกอิน

รายการสื่อสารสนเทศ

ลำดับที่ ประเภท เลขเรียก/บาร์โค้ด สถานที่ สถานะ
1. นวนิยาย
นวนิยาย
นว. ส174ร 2552 ฉ.1 
  Barcode: 16310
ห้องสมุดวิทยาเขตสวรรค์ประชารักษ์
►นวนิยาย
บนชั้น
  ขอยืม

รายการใกล้เคียง
    ผู้แต่ง [สเตฟนี เมเยอร์]

BibComment


ยังไม่เคยถูกคอมเมนท์

คอมเมนท์ทรัพยากรรายการนี้
  คอมเมนท์: Twilight แรกรัตต..


 Copyright 2026. Bcnsprnw @Library